La escultura europea del siglo XVI
Uloženo v:
| Hlavní autor: | |
|---|---|
| Médium: | Kniha |
| Jazyk: | španělština |
| Vydáno: |
Buenos Aires
Viscontea
1980
|
| Vydání: | 1a. ed |
| Edice: | Los Grandes Escultores, 42
|
| Témata: | |
| Tagy: |
Přidat tag
Žádné tagy, Buďte první, kdo vytvoří štítek k tomuto záznamu!
|
MARC
| LEADER | 00000cam a2200000 a 4500 | ||
|---|---|---|---|
| 001 | UCE0995 | ||
| 003 | CL-VaPUC | ||
| 008 | 140324e19800000ag |||||||||||||||||spa|d | ||
| 082 | 0 | 4 | |a 735.21 |b CIA |2 21 |
| 100 | |a Ciardi Dupré, Maria Grazia |e author |9 573373 | ||
| 245 | 1 | 3 | |a La escultura europea del siglo XVI |
| 250 | |a 1a. ed | ||
| 300 | |a 35 p | ||
| 942 | |c BK | ||
| 945 | |d 20140324 12:18:00 |a cmena | ||
| 260 | |a Buenos Aires |b Viscontea |c 1980 | ||
| 650 | 0 | |a Escultura |9 265737 | |
| 650 | 0 | |a Estilos artísticos |9 340996 | |
| 651 | 0 | |a Europa |9 255156 | |
| 583 | |a last modification |c 20140324 12:18:00 |k Rodrigo Vera | ||
| 490 | 0 | |a Los Grandes Escultores, 42 | |
| 999 | |c 354958 |d 354956 | ||
| 952 | |0 0 |1 0 |3 erb |4 0 |6 735_210000000000000_CIA_1980 |7 0 |8 A |9 461194 |a BIBART |b BIBART |i 5044278 |o 735.21 CIA 1980 |p 5044278 |r 2025-03-13 |w 2019-11-23 |y BK |z Catalogado en:20140324 |k ART | ||